Statistics for Match the Currency to the Country #2 (2nd easiest)

Click here to take the quiz!

General Stats

  • This quiz has been taken 57 times
  • The average score is 8 of 10

Answer Stats

HintAnswer% Correct
SwedenKrona
90%
South KoreaWon
88%
PolandZłoty
88%
ThailandBaht
84%
IsraelShekel
84%
ChinaYuan
80%
BrazilReal
75%
IraqDinar
69%
KenyaShilling
69%
Bosnia & HerzegovinaMark
63%

Score Distribution

Percentile by Number Answered

Percent of People with Each Score

Your Score History

You have not taken this quiz